[Event "Rhein Main op-B 25th"]
[Site "Bad Homburg"]
[Date "2023.06.10"]
[Round "5"]
[White "Bezsonna, Polina"]
[Black "Bremer, Vincent"]
[Result "1/2-1/2"]
[WhiteElo "1629"]
[BlackElo "1957"]
[PlyCount "32"]
[EventDate "2023.06.07"]
[EventType "swiss"]
[EventRounds "7"]
[EventCountry "GER"]
[SourceTitle "CBM 215 Extra"]
[Source "ChessBase"]
[SourceDate "2023.09.30"]
[SourceVersion "1"]
[SourceVersionDate "2023.09.30"]
[SourceQuality "1"]

1. e4 e6 2. d4 d5 3. Nc3 dxe4 4. Nxe4 Be7 5. Nf3 b6 6. c3 Bb7 7. Bd3 Nd7 8. Qe2 Ngf6 9. Nxf6+ Nxf6 10. 0-0 0-0 11. Bg5 h6 12. Bxf6 Bxf6 13. Rad1 Qd5 14. b3 Qh5 15. Be4 Bxe4 16. Qxe4 Qd5 1/2-1/2

[Event "Rhein Main op-B 24th"]
[Site "Bad Homburg"]
[Date "2022.06.18"]
[Round "6"]
[White "Launert, Martin"]
[Black "Bremer, Vincent"]
[Result "1/2-1/2"]
[WhiteElo "1785"]
[BlackElo "1986"]
[PlyCount "51"]
[EventDate "2022.06.15"]
[EventType "swiss"]
[EventRounds "7"]
[EventCountry "GER"]
[SourceTitle "EXT 2023"]
[Source "ChessBase"]
[SourceDate "2022.10.05"]
[SourceVersion "1"]
[SourceVersionDate "2022.10.05"]
[SourceQuality "1"]

1. e4 e6 2. d4 d5 3. exd5 exd5 4. Nf3 Bd6 5. Bd3 Ne7 6. 0-0 f6 7. c4 c6 8. Nc3 Be6 9. c5 Bc7 10. Re1 Bf7 11. Qe2 Nd7 12. Nh4 Kf8 13. Qc2 Kg8 14. Qe2 Kf8 15. Qf3 g5 16. Nf5 Nxf5 17. Bxf5 Kg7 18. Bd2 Re8 19. Rxe8 Qxe8 20. Re1 Qd8 21. Ne2 Nf8 22. Ng3 Bxg3 23. Qxg3 Ng6 24. Qh3 Qc7 25. Qg3 Qxg3 26. hxg3 1/2-1/2

[Event "Rhein Main op-B 24th"]
[Site "Bad Homburg"]
[Date "2022.06.17"]
[Round "4"]
[White "Nichols, Uwe"]
[Black "Bremer, Vincent"]
[Result "0-1"]
[WhiteElo "1670"]
[BlackElo "1986"]
[PlyCount "98"]
[EventDate "2022.06.15"]
[EventType "swiss"]
[EventRounds "7"]
[EventCountry "GER"]
[SourceTitle "EXT 2023"]
[Source "ChessBase"]
[SourceDate "2022.10.05"]
[SourceVersion "1"]
[SourceVersionDate "2022.10.05"]
[SourceQuality "1"]

1. e4 e6 2. d4 d5 3. e5 c5 4. c3 Qb6 5. a3 Bd7 6. Nf3 Bb5 7. Be2 Bxe2 8. Qxe2 Ne7 9. dxc5 Qxc5 10. Be3 Qc7 11. 0-0 Nd7 12. Nbd2 Nc6 13. Bd4 Be7 14. Rfe1 0-0 15. Rac1 Nxd4 16. Nxd4 a6 17. f4 b5 18. f5 exf5 19. e6 Nf6 20. Nxf5 Bc5+ 21. Kh1 fxe6 22. Qxe6+ Kh8 23. Qe2 Rae8 24. Qf3 g6 25. Qg3 Qxg3 26. Nxg3 Ng4 27. Rxe8 Nf2+ 28. Kg1 Nd3+ 29. Kh1 Rxe8 30. Rc2 Re1+ 31. Ndf1 Nf2+ 32. Kg1 Ne4+ 33. Kh1 Nxg3+ 34. hxg3 Rxf1+ 35. Kh2 h5 36. Re2 Kg7 37. Re6 Rf6 38. Re8 Kf7 39. Re5 Bd6 40. Rxd5 h4 41. a4 bxa4 42. Ra5 Bxg3+ 43. Kh3 Rf4 44. Rg5 Kf6 45. Ra5 g5 46. Rxa6+ Kg7 47. Ra7+ Kg6 48. Ra6+ Kh5 49. Ra5 Rf1 0-1

[Event "Rhein Main op-B 22nd"]
[Site "Bad Homburg"]
[Date "2019.06.23"]
[Round "7"]
[White "Bremer, Vincent"]
[Black "Stock, Juergen"]
[Result "0-1"]
[WhiteElo "1973"]
[BlackElo "1842"]
[PlyCount "98"]
[EventDate "2019.06.19"]
[EventType "swiss"]
[EventRounds "7"]
[EventCountry "GER"]
[SourceTitle "EXT 2020"]
[Source "ChessBase"]
[SourceDate "2019.10.17"]
[SourceVersion "1"]
[SourceVersionDate "2019.10.17"]
[SourceQuality "1"]

1. c4 e6 2. g3 f5 3. Bg2 Nf6 4. Nc3 c6 5. d3 d5 6. cxd5 exd5 7. e3 Nbd7 8. Nf3 Be7 9. 0-0 0-0 10. e4 fxe4 11. dxe4 Nxe4 12. Nxe4 dxe4 13. Qb3+ Kh8 14. Nd4 Nc5 15. Qd1 Bf6 16. Be3 Nd3 17. Bxe4 Ne5 18. Qc2 Bh3 19. Rfd1 Qe8 20. Bf4 Qh5 21. Bxe5 Bxe5 22. Bg2 Bg4 23. Rd2 Rad8 24. Nb3 Rxd2 25. Qxd2 Bc7 26. f4 Bb6+ 27. Kh1 Rd8 28. Qc3 Bd1 29. Qe1 Be2 30. g4 Qxg4 31. Qg3 Qh5 32. Re1 Bc4 33. Bf3 Qf7 34. Qh4 Bd5 35. Nd2 Bxf3+ 36. Nxf3 Rf8 37. Re7 Qd5 38. Qg4 g6 39. Qh3 Rf7 40. Re5 Qd7 41. Qh6 Bc7 42. Re4 Kg8 43. h3 Re7 44. Rxe7 Qxe7 45. Kg2 Qe2+ 46. Kg3 Bb6 47. f5 Bc7+ 48. Kg4 Qg2+ 49. Kh4 Qg3# 0-1

[Event "Rhein Main op-B 22nd"]
[Site "Bad Homburg"]
[Date "2019.06.22"]
[Round "6"]
[White "Bremer, Vincent"]
[Black "Spiegelberg, Silvia"]
[Result "1-0"]
[WhiteElo "1973"]
[BlackElo "1898"]
[PlyCount "95"]
[EventDate "2019.06.19"]
[EventType "swiss"]
[EventRounds "7"]
[EventCountry "GER"]
[SourceTitle "EXT 2020"]
[Source "ChessBase"]
[SourceDate "2019.10.17"]
[SourceVersion "1"]
[SourceVersionDate "2019.10.17"]
[SourceQuality "1"]

1. c4 c5 2. Nf3 Nc6 3. d4 cxd4 4. Nxd4 Nf6 5. Nc3 g6 6. e4 Bg7 7. Be3 0-0 8. Be2 d6 9. 0-0 Bd7 10. f4 a6 11. Rc1 Rc8 12. b3 Nxd4 13. Bxd4 Bc6 14. Bf3 Bh6 15. g3 Re8 16. e5 dxe5 17. Bxe5 Nd7 18. Bd4 e5 19. Be3 exf4 20. Bxf4 Bxf4 21. Bxc6 Be3+ 22. Kg2 Rxc6 23. Rc2 Nf6 24. Qf3 Qd7 25. Re2 Rce6 26. Rd1 Qe7 27. Rde1 Bd4 28. Rxe6 fxe6 29. Ne2 Qd7 30. Rd1 e5 31. Nxd4 exd4 32. Qxf6 Re2+ 33. Kg1 d3 34. Qf3 Qd4+ 35. Kf1 Rxh2 36. Re1 Qd7 37. Rd1 Rxa2 38. Rxd3 Qh3+ 39. Ke1 Ra1+ 40. Kd2 Qh2+ 41. Kc3 Rc1+ 42. Kb4 a5+ 43. Kxa5 Qa2+ 44. Kb4 Qa8 45. Qd5+ Kg7 46. Qe5+ Kg8 47. Qe6+ Kg7 48. Rd7+ 1-0

[Event "Wiesbaden op 30th"]
[Site "Wiesbaden"]
[Date "2018.08.25"]
[Round "5"]
[White "Weber, Samuel"]
[Black "Bremer, Vincent"]
[Result "1-0"]
[WhiteElo "2133"]
[BlackElo "1968"]
[PlyCount "67"]
[EventDate "2018.08.23"]
[EventType "swiss"]
[EventRounds "7"]
[EventCountry "GER"]
[SourceTitle "CBM 186 Extra"]
[Source "ChessBase"]
[SourceDate "2018.08.24"]
[SourceVersion "1"]
[SourceVersionDate "2018.08.24"]
[SourceQuality "1"]

1. Nf3 c5 2. g3 Nc6 3. Bg2 g6 4. 0-0 Bg7 5. d3 e6 6. e4 d5 7. Nbd2 Nge7 8. Re1 0-0 9. c3 d4 10. cxd4 Nxd4 11. Nxd4 cxd4 12. e5 Nc6 13. Nc4 f6 14. exf6 Qxf6 15. Qe2 e5 16. b4 Bg4 17. Qf1 a6 18. Ba3 b5 19. Nd2 Rac8 20. Rac1 Ne7 21. Rc5 Rxc5 22. bxc5 Bf5 23. f4 exf4 24. c6 Rf7 25. Qxf4 Bxd3 26. Qxf6 Bxf6 27. c7 Bf5 28. Ne4 Nc8 29. Nxf6+ Rxf6 30. Bd5+ Kg7 31. Bc5 Kh6 32. Rf1 Kg5 33. h4+ Kg4 34. Kg2 1-0

[Event "Wiesbaden op 30th"]
[Site "Wiesbaden"]
[Date "2018.08.24"]
[Round "3"]
[White "Bremer, Vincent"]
[Black "Haag, Martin"]
[Result "1/2-1/2"]
[WhiteElo "1968"]
[BlackElo "2229"]
[PlyCount "115"]
[EventDate "2018.08.23"]
[EventType "swiss"]
[EventRounds "7"]
[EventCountry "GER"]
[SourceTitle "CBM 186 Extra"]
[Source "ChessBase"]
[SourceDate "2018.08.24"]
[SourceVersion "1"]
[SourceVersionDate "2018.08.24"]
[SourceQuality "1"]

1. c4 c5 2. Nf3 e6 3. d4 cxd4 4. Nxd4 Nf6 5. Nc3 d5 6. Bg5 e5 7. Bxf6 gxf6 8. Nc2 d4 9. Nd5 Be6 10. e3 Bxd5 11. cxd5 Qxd5 12. exd4 Nc6 13. Qd3 0-0-0 14. Qf5+ Kb8 15. Be2 Nxd4 16. Nxd4 Bb4+ 17. Kf1 Qxd4 18. Rb1 e4 19. g3 Rd5 20. Qf4+ Qe5 21. Qxe5+ fxe5 22. g4 Rc8 23. h4 Rc2 24. Bd1 Rcd2 25. Be2 Bc5 26. Rh3 Rc2 27. Rc3 Rxc3 28. bxc3 Rd2 29. Rd1 e3 30. Rxd2 exd2 31. Bd1 Be7 32. h5 Bg5 33. Ke2 Kc7 34. Kd3 Kd6 35. Ke4 f6 36. Kd3 Kc5 37. Bb3 b5 38. Bd1 a5 39. a3 a4 40. Be2 Bh6 41. Kc2 Bf8 42. Kxd2 Kb6 43. c4 b4 44. axb4 Bxb4+ 45. Kc2 Bc5 46. Kc3 Ka5 47. f3 Bd4+ 48. Kc2 Kb4 49. Bd3 h6 50. Kb1 Kc3 51. Be4 Kxc4 52. Ka2 Bc5 53. Bc6 a3 54. Be4 Kd4 55. Bc6 Ke3 56. Kb3 Kf4 57. Ka2 Kg5 58. Be4 1/2-1/2

[Event "Rhein Main op-B 21st"]
[Site "Bad Homburg"]
[Date "2018.06.03"]
[Round "7"]
[White "Bremer, Vincent"]
[Black "Krychevskiy, Dmytro"]
[Result "0-1"]
[WhiteElo "1979"]
[BlackElo "1925"]
[PlyCount "58"]
[EventDate "2018.05.30"]
[EventType "swiss"]
[EventRounds "7"]
[EventCountry "GER"]
[SourceTitle "EXT 2019"]
[Source "ChessBase"]
[SourceDate "2018.10.10"]
[SourceVersion "1"]
[SourceVersionDate "2018.10.10"]
[SourceQuality "1"]

1. c4 e5 2. g3 Nf6 3. Bg2 c6 4. d4 e4 5. d5 Bb4+ 6. Bd2 Qb6 7. e3 Na6 8. Ne2 Nc5 9. 0-0 cxd5 10. cxd5 Bxd2 11. Qxd2 0-0 12. Nbc3 Re8 13. b4 Qxb4 14. Nxe4 Rxe4 15. Qxb4 Rxb4 16. Rac1 d6 17. Nd4 Bd7 18. Rfd1 Ne8 19. f4 f5 20. Nc6 bxc6 21. dxc6 Be6 22. c7 Rc8 23. Bc6 Nd7 24. a3 Rb6 25. e4 Rxc7 26. Bxd7 Bxd7 27. Rxc7 Nxc7 28. e5 d5 29. Rc1 Ne6 0-1

[Event "Rheinland Pfalz op 6th"]
[Site "Gau Algesheim"]
[Date "2014.06.21"]
[Round "6"]
[White "Bremer, Vincent"]
[Black "Baumann, Bettina"]
[Result "1-0"]
[WhiteElo "2038"]
[BlackElo "1726"]
[PlyCount "54"]
[EventDate "2014.06.19"]
[EventType "swiss"]
[EventRounds "7"]
[EventCountry "GER"]
[SourceTitle "CBM 161 Extra"]
[Source "ChessBase"]
[SourceDate "2014.08.29"]
[SourceVersion "1"]
[SourceVersionDate "2014.08.29"]
[SourceQuality "1"]

1. c4 Nc6 2. g3 d6 3. Bg2 Bd7 4. d4 e6 5. Nc3 Nf6 6. e4 Rb8 7. f4 e5 8. fxe5 dxe5 9. d5 Nd4 10. Nf3 Nxf3+ 11. Qxf3 Be7 12. h3 a6 13. Be3 b6 14. 0-0 0-0 15. a3 h6 16. b4 Qc8 17. Kh2 Nh7 18. g4 Bg5 19. Rac1 Bxe3 20. Qxe3 Nf6 21. Rxf6 gxf6 22. Qxh6 Bxg4 23. Bf3 f5 24. Rg1 f6 25. Qg6+ Kh8 26. Bxg4 fxg4 27. Rxg4 Qd7 1-0

[Event "Wiesbaden op 24th"]
[Site "Wiesbaden"]
[Date "2012.08.24"]
[Round "2"]
[White "Dorst, Johannes"]
[Black "Bremer, Vincent"]
[Result "0-1"]
[WhiteElo "2209"]
[BlackElo "2016"]
[PlyCount "74"]
[EventDate "2012.08.23"]
[EventType "swiss"]
[EventRounds "7"]
[EventCountry "GER"]
[SourceTitle "CBM 150 Extra"]
[Source "ChessBase"]
[SourceDate "2012.10.19"]
[SourceVersion "1"]
[SourceVersionDate "2012.10.19"]
[SourceQuality "1"]

1. e4 e6 2. d4 d5 3. Nc3 Bb4 4. e5 c5 5. a3 cxd4 6. axb4 dxc3 7. bxc3 Qc7 8. f4 Ne7 9. Bd3 g6 10. Ne2 Nbc6 11. Be3 b6 12. 0-0 0-0 13. Qe1 Nf5 14. Bf2 h5 15. Bxf5 exf5 16. Bh4 a5 17. b5 Ne7 18. Bf6 Kh7 19. Ng3 Ng8 20. Nxh5 Qc5+ 21. Kh1 Nxf6 22. Nxf6+ Kg7 23. e6 fxe6 24. Nh5+ gxh5 25. Qe5+ Kh6 26. Rf3 Qe7 27. Re1 Ra7 28. Rg3 Rc7 29. Rg5 Rc4 30. g4 hxg4 31. Qe3 Rxf4 32. h4 Re4 33. Qd2 Rxe1+ 34. Qxe1 Qf6 35. Qe3 f4 36. Qxb6 Qxc3 37. Qd6 Qe1+ 0-1

[Event "Wiesbaden op 23rd"]
[Site "Wiesbaden"]
[Date "2011.08.27"]
[Round "4"]
[White "Kobs, Stephan"]
[Black "Bremer, Vincent"]
[Result "1/2-1/2"]
[WhiteElo "2021"]
[BlackElo "2144"]
[PlyCount "37"]
[EventDate "2011.08.25"]
[EventType "swiss"]
[EventRounds "7"]
[EventCountry "GER"]
[SourceTitle "CBM 144 Extra"]
[Source "ChessBase"]
[SourceDate "2011.10.28"]
[SourceVersion "1"]
[SourceVersionDate "2011.10.28"]
[SourceQuality "1"]

1. e4 e6 2. d4 d5 3. Nc3 Bb4 4. a3 Bxc3+ 5. bxc3 Ne7 6. e5 0-0 7. Bd3 Nf5 8. Qg4 f6 9. Nf3 c5 10. exf6 Qxf6 11. Bg5 Qf7 12. Ne5 Qc7 13. 0-0 Nd7 14. Nxd7 Bxd7 15. Bf4 Qd8 16. Be5 Rf7 17. Rfe1 c4 18. Bxf5 exf5 19. Qf3 1/2-1/2

[Event "Rheinland Pfalz op 3rd"]
[Site "Gau Algesheim"]
[Date "2011.07.28"]
[Round "1"]
[White "Bremer, Vincent"]
[Black "Voll, Raymond"]
[Result "1-0"]
[WhiteElo "2144"]
[BlackElo "1748"]
[PlyCount "71"]
[EventDate "2011.07.28"]
[EventType "swiss"]
[EventRounds "7"]
[EventCountry "GER"]
[SourceTitle "EXT 2013"]
[Source "ChessBase"]
[SourceDate "2012.11.22"]
[SourceVersion "1"]
[SourceVersionDate "2012.11.22"]
[SourceQuality "1"]

1. c4 Nf6 2. g3 g6 3. Bg2 Bg7 4. Nc3 0-0 5. d4 c6 6. e4 d6 7. Nge2 Bg4 8. 0-0 e5 9. d5 Qb6 10. Rb1 cxd5 11. cxd5 Rc8 12. Be3 Qa6 13. f3 Bd7 14. Qd2 b5 15. b4 Rc4 16. Rb3 Qc8 17. Rfb1 a6 18. Bf1 Bh3 19. Bxh3 Qxh3 20. a4 Qd7 21. Ra3 bxa4 22. Nxa4 Qc7 23. Nb6 Rc2 24. Nxa8 Qc4 25. Rc1 Rxc1+ 26. Nxc1 Nfd7 27. Rc3 Qb5 28. Rc8+ Nf8 29. Nb6 g5 30. Qc3 Nbd7 31. Qc4 Nxb6 32. Qxb5 axb5 33. Bxb6 Bf6 34. Bd8 Bg7 35. Ne2 f6 36. Nc3 1-0

[Event "Seebach op 16th"]
[Site "Grossenseebach"]
[Date "2005.05.27"]
[Round "4"]
[White "Bremer, Vincent"]
[Black "Hoffmann, Dieter"]
[Result "1-0"]
[WhiteElo "2165"]
[BlackElo "1516"]
[PlyCount "83"]
[EventDate "2005.05.26"]
[EventType "swiss"]
[EventRounds "7"]
[EventCountry "GER"]
[SourceTitle "EXT 2018"]
[Source "ChessBase"]
[SourceDate "2017.10.13"]
[SourceVersion "1"]
[SourceVersionDate "2017.10.13"]
[SourceQuality "1"]

1. c4 Nf6 2. g3 e6 3. Bg2 d5 4. cxd5 exd5 5. d4 Nc6 6. Nf3 Be7 7. 0-0 0-0 8. a3 Bf5 9. b4 a6 10. Bb2 Nb8 11. Nbd2 Ne4 12. Rc1 c6 13. Ne5 Nd7 14. Re1 Nxd2 15. Qxd2 Bg5 16. f4 Be7 17. e4 dxe4 18. Bxe4 Bxe4 19. Nxd7 Qxd7 20. Rxe4 Bf6 21. Rce1 Rfe8 22. Qe3 Kf8 23. Kf2 Re7 24. Rxe7 Qxe7 25. Qxe7+ Bxe7 26. d5 f6 27. dxc6 bxc6 28. Rc1 Rc8 29. Bd4 Kf7 30. f5 Ke8 31. g4 h6 32. Ke3 Kd7 33. Kd3 Rb8 34. Kc4 Rb5 35. Rd1 Kc7 36. Bc3 Rb8 37. Be1 Rd8 38. Bg3+ Bd6 39. Rxd6 Rxd6 40. Kc5 g6 41. Bxd6+ Kb7 42. fxg6 1-0

[Event "Seebach op 16th"]
[Site "Grossenseebach"]
[Date "2005.05.26"]
[Round "1"]
[White "Mueller, Georg1111"]
[Black "Bremer, Vincent"]
[Result "0-1"]
[WhiteElo "1305"]
[BlackElo "2165"]
[PlyCount "44"]
[EventDate "2005.05.26"]
[EventType "swiss"]
[EventRounds "7"]
[EventCountry "GER"]
[SourceTitle "EXT 2018"]
[Source "ChessBase"]
[SourceDate "2017.10.13"]
[SourceVersion "1"]
[SourceVersionDate "2017.10.13"]
[SourceQuality "1"]

1. d4 d5 2. e3 Bf5 3. Bd3 Bg6 4. f4 e6 5. Nf3 c5 6. c3 Nf6 7. Bc2 Nc6 8. Nbd2 Rc8 9. 0-0 Bd6 10. Bb3 cxd4 11. exd4 Bxf4 12. Ba4 Be3+ 13. Kh1 Bd3 14. Re1 Ng4 15. Bxc6+ bxc6 16. Rxe3 Nf2+ 17. Kg1 Nxd1 18. Rxd3 c5 19. Nb3 Nxb2 20. Bxb2 c4 21. Rd2 cxb3 22. axb3 Qb6 0-1

[Event "Rheinland-ch H1"]
[Site "Mainz Laubenheim"]
[Date "2002.03.30"]
[Round "7.5"]
[White "Bremer, Vincent"]
[Black "Kun, Joan"]
[Result "0-1"]
[WhiteElo "2171"]
[BlackElo "1664"]
[PlyCount "150"]
[EventDate "2002.03.23"]
[EventType "swiss"]
[EventRounds "7"]
[EventCountry "GER"]
[SourceTitle "EXT 2003"]
[Source "ChessBase"]
[SourceDate "2002.11.25"]
[SourceVersion "1"]
[SourceVersionDate "2002.11.25"]
[SourceQuality "1"]

1. e4 e5 2. Nf3 d6 3. h3 Nf6 4. d3 Be7 5. Bg5 Be6 6. Be2 Nbd7 7. 0-0 0-0 8. Nbd2 h6 9. Bxf6 Bxf6 10. c3 c5 11. Nh2 Bg5 12. d4 Nb6 13. d5 Bd7 14. c4 f5 15. exf5 Bxf5 16. Ndf3 Qf6 17. Nxg5 Qxg5 18. Nf3 Qf6 19. b3 Rae8 20. Nh2 Nd7 21. Bg4 Qg6 22. Bh5 Qf6 23. Bxe8 Rxe8 24. Ng4 Qg6 25. Qf3 Rf8 26. Qg3 Qh7 27. Kh2 h5 28. Ne3 Bd3 29. Rg1 Nf6 30. f3 Qh6 31. Qe1 Qf4+ 32. Kh1 h4 33. Nf1 Bxf1 34. Rxf1 Nh5 35. Rf2 e4 36. Kg1 e3 37. Re2 Re8 38. Rd1 Ng3 39. Rd3 Nxe2+ 40. Qxe2 Kf7 41. Kf1 Kg6 42. Kg1 Kg5 43. Rd1 Qe5 44. f4+ Qxf4 45. Rf1 Qe4 46. Rf3 Kh6 47. g3 hxg3 48. Rxg3 Re5 49. Rg4 Rg5 50. Kh2 Rxg4 51. hxg4 Kg5 52. Kg3 Qf4+ 53. Kh3 Qf2 54. Qxf2 exf2 55. Kg2 Kxg4 56. Kxf2 Kf4 57. Ke2 a5 58. Kf2 g5 59. Kg2 Kg4 60. Kf2 Kf4 61. Kg2 g4 62. Kf2 g3+ 63. Kg2 Kg4 64. Kg1 Kf3 65. Kf1 g2+ 66. Kg1 Kg3 67. a3 Kf3 68. b4 axb4 69. axb4 b6 70. b5 Ke3 71. Kxg2 Kd4 72. Kf3 Kxc4 73. Ke4 Kxb5 74. Kf5 c4 75. Ke6 Kc5 0-1

[Event "Rheinland-ch H1"]
[Site "Mainz Laubenheim"]
[Date "2002.03.24"]
[Round "3.5"]
[White "Bremer, Vincent"]
[Black "Muessig, Frank"]
[Result "0-1"]
[WhiteElo "2171"]
[BlackElo "1872"]
[PlyCount "94"]
[EventDate "2002.03.23"]
[EventType "swiss"]
[EventRounds "7"]
[EventCountry "GER"]
[SourceTitle "EXT 2003"]
[Source "ChessBase"]
[SourceDate "2002.11.25"]
[SourceVersion "1"]
[SourceVersionDate "2002.11.25"]
[SourceQuality "1"]

1. e4 c5 2. Nf3 Nc6 3. d4 cxd4 4. c3 d5 5. exd5 Qxd5 6. Nxd4 e5 7. Nxc6 bxc6 8. Nd2 Nf6 9. f3 Bc5 10. Bc4 Qd6 11. b4 Bb6 12. a4 a5 13. Qb3 0-0 14. Bb2 Bf2+ 15. Ke2 e4 16. Rad1 Qf4 17. Kxf2 Ng4+ 18. Kf1 Ne3+ 19. Ke2 exf3+ 20. Nxf3 Nxc4 21. Rd4 Qe3+ 22. Kd1 Be6 23. Re1 Rad8 24. Qc2 Rxd4+ 25. cxd4 Qd3+ 26. Qxd3 Nxb2+ 27. Kc2 Nxd3 28. Kxd3 axb4 29. Ne5 Bd5 30. Rb1 b3 31. Nd7 Re8 32. Rb2 Re1 33. Nc5 Ra1 34. g3 Kf8 35. Kc3 Rc1+ 36. Kd3 Ra1 37. Kc3 Ke7 38. Kb4 Rd1 39. Kc3 Rc1+ 40. Kd3 Ra1 41. Nxb3 Rxa4 42. Nc5 Ra3+ 43. Ke2 Kf6 44. Kf2 h5 45. Re2 h4 46. Nd7+ Kf5 47. Re3 Ra2+ 0-1

[Event "Rheinland-ch H1"]
[Site "Mainz Laubenheim"]
[Date "2002.03.23"]
[Round "1.1"]
[White "Bremer, Vincent"]
[Black "Martin, Mike"]
[Result "1-0"]
[WhiteElo "2171"]
[BlackElo "1655"]
[PlyCount "71"]
[EventDate "2002.03.23"]
[EventType "swiss"]
[EventRounds "7"]
[EventCountry "GER"]
[SourceTitle "EXT 2003"]
[Source "ChessBase"]
[SourceDate "2002.11.25"]
[SourceVersion "1"]
[SourceVersionDate "2002.11.25"]
[SourceQuality "1"]

1. e4 e6 2. d4 d5 3. e5 c5 4. c3 Nc6 5. Nf3 Qb6 6. a3 c4 7. Be2 f6 8. 0-0 fxe5 9. dxe5 Qc7 10. Re1 Nge7 11. Bf4 Ng6 12. Bg3 Bc5 13. h4 0-0 14. Bf1 Ngxe5 15. Nd4 Bd6 16. Nb5 Qd7 17. Nxd6 Qxd6 18. Bxc4 Qc5 19. Bb3 Bd7 20. Bc2 Rf7 21. Nd2 Raf8 22. Rf1 Qb6 23. b4 Be8 24. Nb3 Nc4 25. Nc5 Ne3 26. Qd3 Nf5 27. Nxe6 Bd7 28. Nxf8 Kxf8 29. Rae1 d4 30. c4 Qd8 31. Re2 g6 32. c5 Nce7 33. Bb3 Nxg3 34. fxg3 Rxf1+ 35. Kxf1 Bf5 36. Qc4 1-0

[Event "Rheinhessen-ch HT1"]
[Site "Rheinhessen"]
[Date "2000.??.??"]
[Round "?"]
[White "Garski, Rudolf"]
[Black "Bremer, Vincent"]
[Result "1-0"]
[WhiteElo "2055"]
[BlackElo "2171"]
[PlyCount "141"]
[EventDate "2000.??.??"]
[EventType "swiss"]
[EventRounds "7"]
[EventCountry "GER"]
[SourceTitle "EXT 2002"]
[Source "ChessBase"]
[SourceDate "2001.11.25"]
[SourceVersion "1"]
[SourceVersionDate "2001.11.25"]
[SourceQuality "1"]

1. e4 e6 2. d4 d5 3. Nd2 c5 4. exd5 Qxd5 5. Ngf3 cxd4 6. Bc4 Qa5 7. 0-0 Nf6 8. Nb3 Qc7 9. Qxd4 Nbd7 10. Bf4 Qb6 11. Rfe1 Be7 12. Rad1 0-0 13. Re2 a6 14. Ne5 Qxd4 15. Nxd4 Nxe5 16. Bxe5 Ng4 17. Bc7 b5 18. Bb3 Bc5 19. Red2 e5 20. Nc6 e4 21. Bd6 Bxd6 22. Rxd6 e3 23. fxe3 Nxe3 24. Re1 Nf5 25. Ne7+ Kh8 26. Nxf5 Bxf5 27. Re7 h5 28. c3 g6 29. Bxf7 Rad8 30. Rxd8 Rxd8 31. Re8+ Rxe8 32. Bxe8 Kg7 33. Bc6 Kf6 34. Kf2 Ke5 35. Ke3 Be6 36. a4 bxa4 37. Bxa4 g5 38. g3 h4 39. Bd1 a5 40. b4 axb4 41. cxb4 Bd7 42. Be2 hxg3 43. hxg3 Kd5 44. Bd3 Bg4 45. Ba6 Bh5 46. b5 Kc5 47. Ke4 Bg4 48. Ke5 Bd7 49. Kf6 g4 50. Ke7 Bf5 51. b6 Kxb6 52. Be2 Kc7 53. Kf6 Bd7 54. Kg5 Kd6 55. Bxg4 Ba4 56. Kf6 Bc2 57. Bf3 Bd3 58. g4 Bc2 59. g5 Bd3 60. Bh5 Bc2 61. Bg6 Bd1 62. Bf7 Bc2 63. Be6 Bd3 64. Bf5 Bc4 65. g6 Bb3 66. g7 Bc4 67. Bg6 Bg8 68. Bf7 Bh7 69. Kg5 Ke7 70. Kh6 Bg8 71. Bxg8 1-0

[Event "Rheinhessen-ch HT1 op"]
[Site "Woerrstadt"]
[Date "1999.03.28"]
[Round "3"]
[White "Meng, Gunter"]
[Black "Bremer, Vincent"]
[Result "1/2-1/2"]
[WhiteElo "1809"]
[BlackElo "1928"]
[PlyCount "29"]
[EventDate "1999.03.27"]
[EventType "swiss"]
[EventRounds "7"]
[EventCountry "GER"]
[SourceTitle "EXT 2000"]
[Source "ChessBase"]
[SourceDate "1999.11.16"]
[SourceVersion "1"]
[SourceVersionDate "1999.11.16"]
[SourceQuality "1"]

1. d4 Nf6 2. e3 d5 3. Bd3 e6 4. f4 c5 5. c3 Nc6 6. Nf3 Bd7 7. Nbd2 a6 8. 0-0 b5 9. b3 b4 10. c4 cxd4 11. exd4 Bd6 12. g3 0-0 13. Bb2 Ng4 14. Qe2 f5 15. Ne5 1/2-1/2